000 00788nam a2200301 4500
001 00779389
003 DO-SdBNP
005 20180302091404.0
007 00779389
008 900725s19uu sp spa
016 7 _a
_2BPMSU
017 _a
_b
020 _a8423612422
035 _a
035 _a
040 _aBPMSU
_bspa
_cBPMSU
080 0 _a
100 1 _aDíaz, Jorge
_d1930-2007
245 1 0 _aSerapio y Yerbabuena /
_h
_c Jorge Díaz ; ilustraciones Horacio Elena
260 _aBarcelona :
_bDon Bosco,
_c[190?]
300 _a58 p :
_bil. :
_c21 cm.
490 0 _a Teatro Edebe
700 _aElena, Horacio
_eil.
830 _a Teatro Edebe
942 _2ddc
_cBK
945 _ainventariado, 2018 / dg
956 _aVMATEO
_210
_320160414
_6BPMSU
_80069
999 _c9762
_d9762